• 首页
  • 本馆介绍
  • 公告通知
  • 最新文献
  • 馆藏检索
  • 电子资源
  • 读者导购
  • 参考咨询
  • 我的图书馆
  • 登录
  • 详细信息显示
  • 放入我的书架
  • 预约/预借图书
  • 作者相关作品
  • 分类相关作品
  • 丛书相关作品
  • 出版社相关作品

书目信息

  • 表格格式
  • 工作单格式
  • 卡片格式
题名:
线性代数计算法
    
 
作者: 法杰耶娃 , Хаддеева 著 ;王本鉴 译
分册:  
出版信息: 北京   科学出版社  1958
页数: 211页
开本: 19cm
丛书名:
单 册:
中图分类: O241.6
科图分类:
主题词: 线性代数计算法
电子资源:
ISBN: 13031.702
000 00795nam0 2200265 450
001 0158005603
005 20100713025616.0
010    @a13031.702@dCNY1.3
091    @a13031.702@b¥1.30
100    @a19970128d1958 em y0chiy0110 ea
101 1  @achi@crus
102    @aCN@b110000
105    @ay z 000yy
106    @ar
200 1  @a线性代数计算法@9Xian Xing Dai Shu;Shuo Ji Suan Fa @f(苏)法捷也娃(В.Н.Хаддеева)著@g王本鉴等译
210    @a北京@c科学出版社@d1958
215    @a211页@d19cm
304    @a著者通译:法杰耶娃
606 0  @a线性代数计算法
690    @aO241.6@v3
701  1 @a法杰耶娃@9fa jie ye wa@bВ.Н.@4著
701  1 @aХаддеева@bВ.Н.@4著
702  0 @a王本鉴@9wang ben jian@4译
801  0 @aCN@bAzMarc@c20130904
905    @aBZT@dO241.6@e3@f1@sO241.6/3
    
    线性代数计算法/(苏)法捷也娃(В.Н.Хаддеева)著/王本鉴等译.-北京:科学出版社,1958
    211页;19cm
    
    
    ISBN 13031.702:CNY1.3
    
●
相关链接 在五车中查询图书 在当当中查询图书 在豆瓣中查询图书


正题名:线性代数计算法     索取号:O241.6/3         预约/预借

序号 登录号 条形码 馆藏地/架位号 状态 备注
1 2000049876   2000049876   旧书回溯/ [索取号:O241.6/3] 在馆    
山东省滨州职业学院图书馆 欢迎您!
大连网信软件有限公司© 版权所有